• 首页
  • 本馆介绍
  • 公告通知
  • 最新文献
  • 馆藏检索
  • 电子资源
  • 读者导购
  • 参考咨询
  • 我的图书馆
  • 登录
  • 详细信息显示
  • 放入我的书架
  • 预约/预借图书
  • 作者相关作品
  • 分类相关作品
  • 丛书相关作品
  • 出版社相关作品

书目信息

  • 表格格式
  • 工作单格式
  • 卡片格式
题名:
园艺植物保护学
    
 
作者: 侯建文 , 朱叶芹 主编
分册:  
出版信息: 北京   中国农业出版社  2009
页数: 321页
开本: 26cm
丛书名:
单 册:
中图分类: S436.8
科图分类:
主题词: 园林植物--植物保护--高等学校--教材 , 园林植物 , 植物保护
电子资源:
ISBN: 978-7-109-14037-0
000 00873nam0 2200277 45
001 012001005381
005 20131111171251.0
010    @a978-7-109-14037-0@dCNY42.50
100    @a20091031d2009 em y0chiy50 ea
101 0  @achi
102    @aCN@b110000
105    @aa z 000yy
106    @ar
200 1  @a园艺植物保护学@9yuan yi zhi wu bao hu xue@f侯建文,朱叶芹主编
210    @a北京@c中国农业出版社@d2009
215    @a321页@c图@d26cm
300    @a高等农业院校应用型本科教材
330    @a本书内容包括:植物虫害基础,园艺昆虫鉴别,植物病害基础,植物病原生物及其病害诊断等。
606 0  @a园林植物@x植物保护@x高等学校@j教材
606 0  @a园林植物
606 0  @a植物保护
690    @aS436.8@v4
701  0 @a侯建文@9hou jian wen@c(植物保护)@4主编
701  0 @a朱叶芹@9zhu ye qin@4主编
801  0 @aCN@b江苏凤凰@c20191020
905    @b1213303-6@dS436.8@e169@f4
    
    园艺植物保护学/侯建文,朱叶芹主编.-北京:中国农业出版社,2009
    321页:图;26cm
    高等农业院校应用型本科教材
    
    ISBN 978-7-109-14037-0:CNY42.50
    本书内容包括:植物虫害基础,园艺昆虫鉴别,植物病害基础,植物病原生物及其病害诊断等。
●
相关链接 在E读中查询图书 在五车中查询图书 在当当中查询图书 在豆瓣中查询图书


正题名:园艺植物保护学     索取号:S436.8/169         预约/预借

序号 登录号 条形码 馆藏地/架位号 状态 备注
1 1213303   212133038   第二样本阅览室/ [索取号:S436.8/169] 在馆    
2 1213304   212133047   第三借阅区/ [索取号:S436.8/169] 在馆    
3 1213305   212133056   第三借阅区/ [索取号:S436.8/169] 在馆    
4 1213306   212133065   第三借阅区/ [索取号:S436.8/169] 在馆    
唐山师范学院图书馆 欢迎您!
大连网信软件有限公司© 版权所有